Lord, Make Us One -But Not All The Same: (Record no. 11017)
[ view plain ]
| 000 -LEADER | |
|---|---|
| fixed length control field | 00446nam a22001697a 4500 |
| 003 - CONTROL NUMBER IDENTIFIER | |
| control field | OSt |
| 005 - DATE AND TIME OF LATEST TRANSACTION | |
| control field | 20221117100850.0 |
| 008 - FIXED-LENGTH DATA ELEMENTS--GENERAL INFORMATION | |
| fixed length control field | 221117b |||||||| |||| 00| 0 eng d |
| 040 ## - CATALOGING SOURCE | |
| Transcribing agency | DLC |
| 050 ## - LIBRARY OF CONGRESS CALL NUMBER | |
| Item number | ED26L |
| 082 ## - DEWEY DECIMAL CLASSIFICATION NUMBER | |
| Item number | ED26L |
| 100 ## - MAIN ENTRY--PERSONAL NAME | |
| Personal name | Edwards, Joel |
| 245 ## - TITLE STATEMENT | |
| Title | Lord, Make Us One -But Not All The Same: |
| Remainder of title | Seeking Unity in Diversity/ |
| Statement of responsibility, etc. | Joel, Edwards |
| 260 ## - PUBLICATION, DISTRIBUTION, ETC. | |
| Place of publication, distribution, etc. | London: |
| Name of publisher, distributor, etc. | Hodder & Stoughton, |
| Date of publication, distribution, etc. | 1999. |
| 300 ## - PHYSICAL DESCRIPTION | |
| Extent | 196p. |
| 942 ## - ADDED ENTRY ELEMENTS (KOHA) | |
| Source of classification or shelving scheme | Dewey Decimal Classification |
| Koha item type | Books |
| Withdrawn status | Lost status | Source of classification or shelving scheme | Damaged status | Not for loan | Collection code | Home library | Current library | Shelving location | Date acquired | Full call number | Barcode | Date last seen | Price effective from | Koha item type |
|---|---|---|---|---|---|---|---|---|---|---|---|---|---|---|
| Dewey Decimal Classification | Non-fiction | Harvest Mission College | Harvest Mission College | General Stacks | 30.11.2022 | 269.20 ED26L | 012912 | 30.11.2022 | 30.11.2022 | Books |
